| 000 | 00715nam a2200217 a 4500 | ||
|---|---|---|---|
| 005 | 20230316063552.0 | ||
| 008 | 031010s2000 mx r 000 0 spa d | ||
| 020 | _a9681659597 | ||
| 035 | _aUPN01000129907 | ||
| 049 | _aI | ||
| 050 | 4 |
_aPZ76.3 _bB7.6 |
|
| 100 | 1 |
_aBrowne, Anthony Edward Tudor, _d1946- _935823 |
|
| 245 | 1 | 4 |
_aLas pinturas de Willy / _cAntony Browne ; tr. Carmen Esteva. |
| 260 |
_aMéxico : _bFCE, _c2000. |
||
| 300 |
_a[19] p., 1 h. pleg. : _bprincipalmente il. col. |
||
| 440 | 4 | _aLos especiales de A la orilla del viento | |
| 534 |
_pTraducción de: _tWlly´s pictures |
||
| 650 | 0 |
_aAnimales _vCuentos y leyendas _9234 |
|
| 650 | 4 |
_aCuentos infantiles ingleses _910002 |
|
| 905 | _aInfantil | ||
| 999 |
_c102064 _d102064 |
||